Moldovan Political Parties - Statistics

General Stats
  • This quiz has been taken 21 times
    4 since last reset
  • The average score is 2 of 9
Answer Stats
Ideology Position Seats Answer % Correct
Liberalism Pro-Europeanism Centre right 55 Party of Action and Solidarity
67%
Democratic socialismSocial conservatism Russophilia Left wing 17 Party of Socialists
67%
CommunismSocial conservatism Russophilia Far left 8 Party of Communists
33%
Democratic socialismLeft-wing populism Pro-Europeanism Left wing 1 Common Action Party – Civil Congress
0%
Right-wing populismMoldovan–Romanian unionism Right wing 6 Democracy at Home
0%
Left-wing populismLeft-wing nationalism Russophilia Left wing 1 Future of Moldova
0%
Social democracyPro-Europeanism Centre left 3 National Alternative Movement
0%
Left-wing populismSocial conservatism Moldovenism Left wing 6 Our Party
0%
Christian democracyPro-Europeanism Centre to Centre right 2 Party of Development and Consolidation
0%
No matching quizzes found
Score Distribution
Percent of People with Each Score
Percentile by Number Answered
Your Score History
You have not taken this quiz since the last reset